000 00474nam a2200205Ia 4500
003 OSt
005 20251218062619.0
008 160316s1998 xxu||||| |||| 00| 0 eng d
020 _a978-0091816971
040 _c.
082 _a155.2 JOH
100 _aJohnson Spencer
245 _aWho moved my cheese for kids
260 _aNew York :
_bPutnam ;
_c1998
300 _a95p
365 _b Rs. 150
650 _aChange - Psychology
700 _a
_a
942 _2ddc
_cBK
999 _c25878
_d25878